00835nam a22001337a 4500008004100000050001700041245014200058260013700200300003400337490002900371500004000400505019000440650007100630131127t2009 mx a|||| |||| 00| 0 spa d aLC4545bS844 aSugerencias didácticas para la intervención educativa en el Hospital, nivel secundariab: Asignatura : Español, conociendo el mundo aMéxicob: Secretaría de Educación Públicab: Administración Federal de servicios educativos en el Distrito Federalc, 2009 a39 páginasb: ilustraciones aPedagogía hospitalaria aIncluye: Introducción (pp. 5 - 6) aEl artículo Primera plana Anuncios y patrocinadores Invítame a leer paseando por la historia para no quedarme en el viaje Maleta perdida Moneando a través del mundo  0aINTERVENCIÓN EDUCATIVA (NIVEL SECUNDARIA) xHOSPITALESzMÉXICO